| 000 | 00349nam a2200133Ia 4500 | ||
|---|---|---|---|
| 005 | 20251222141915.0 | ||
| 008 | 251222s9999||||xx |||||||||||||| ||spa|| | ||
| 020 | _a978-9972-57-188-6 | ||
| 082 | _a657.48/C565 | ||
| 100 | _aChong León, Esteban | ||
| 245 | 0 | _aContabilidad Financiera Intermedia: | |
| 264 | _bUniversidad del Pacífico | ||
| 942 | _cLIB | ||
| 999 |
_c8532 _d8532 |
||